000 00304nam a22001457a 4500
008 210531b ||||| |||| 00| 0 eng d
020 _a2900495386932
041 _aeng
080 _a53
082 _a53
100 _a43
101 _aFIZ
245 _aCollege Physics
_cSerway,R.A
942 _2udc
_cBK
999 _c57869
_d57869